| 000 | 00926cam a2200301 a 4500 | ||
|---|---|---|---|
| 001 | 953 | ||
| 003 | BD-RjUL | ||
| 005 | 20211208233244.0 | ||
| 008 | 131124s1967 enka b 000 0 eng | ||
| 035 | _a(BD-RjUL)975 | ||
| 035 | _a(OCoLC)347602 | ||
| 040 |
_aDLC _cOClU _dOCoLC _dODaWU _dDNLM _dUk _dDLC _dBD-RjUL _beng |
||
| 041 | _aeng | ||
| 060 | 0 |
_aZ 1001 _bS798i 1967 |
|
| 082 |
_218 _a028.7 _bSTI 1967 |
||
| 100 | 1 |
_aStaveley, Ronald. _91151 |
|
| 245 | 1 | 0 |
_aIntroduction to subject study / _cRonald Staveley, Ia C. McIlwaine and John H. St. J. McIlwaine. |
| 260 |
_aLondon : _bDeutsch, _c1967. |
||
| 300 |
_a288 p. ; _c23 cm. |
||
| 490 | 0 | _aA Grafton book | |
| 504 | _aBibliographical footnotes. | ||
| 650 | 0 |
_aBibliography _xMethodology. _92822 |
|
| 700 | 1 |
_aMcIlwaine, Ia, _ejt. auth. _92823 |
|
| 700 | 1 |
_aMcIlwaine, John H. St. J., _ejt. auth. _92824 |
|
| 942 |
_2ddc _cBK |
||
| 999 |
_c953 _d953 |
||